Berry & Kohn's operating room technique
| Main Author: | Philips, Nancymarie |
|---|---|
| Published: |
St. Louis, Missouri:
Elsevier,
2017.
|
| Edition: | 13th ed. |
| Subjects: |
| LEADER | 00580cam a2200181 7i4500 | ||
|---|---|---|---|
| 001 | 0000051694 | ||
| 005 | 20200519090000.0 | ||
| 020 | |a 9780323399265 (pbk.) | ||
| 090 | 0 | 0 | |a RD32.3 |b .P52 2017 |
| 100 | 1 | |a Philips, Nancymarie | |
| 245 | 1 | 0 | |a Berry & Kohn's operating room technique |c Nancymarie Philips. |
| 250 | |a 13th ed. | ||
| 260 | |a St. Louis, Missouri: |b Elsevier, |c 2017. | ||
| 300 | |a xvi, 986 p.: |b col. ill.; |c 28 cm. | ||
| 650 | 0 | 0 | |a Operating room nursing |
| 997 | |a Health Sciences, Faculty | ||
| 998 | |a Nursing, Diploma | ||
| 999 | |a 0000063451 |b BOK |c OPEN SHELF |e 1st Floor, Shah Alam | ||


